[Event "ENCI Limburg-open C"]
[Site "Maastricht"]
[Date "2012.05.26"]
[Round "3"]
[White "De Bruin, Joost"]
[Black "Kuiper, Adrian"]
[Result "1-0"]
[WhiteElo "1729"]
[BlackElo "1569"]
[PlyCount "122"]
[EventDate "2012.05.25"]
[EventType "swiss"]
[EventRounds "7"]
[EventCountry "NED"]
[Source "P.Boonen"]
[SourceDate "2013.01.01"]

1. d4 d5 2. c4 e6 3. Nc3 c5 4. e3 Nf6 5. Nf3 Nc6 6. Be2 Be7 7. O-O O-O 8. a3 b6
9. dxc5 Bxc5 10. b4 Bd6 11. cxd5 exd5 12. Bb2 Bb7 13. Nb5 Rb8 14. Nxd6 Qxd6 15.
Qb3 Rfe8 16. Rfd1 Re6 17. Rac1 Rd8 18. Nd4 Nxd4 19. Bxd4 Ne4 20. Qc2 Rh6 21.
Qc7 Rd7 22. Qxd6 Rhxd6 23. Rc2 Rc6 24. Rxc6 Bxc6 25. Rc1 Bb7 26. Bg4 Re7 27.
Bc8 Ba8 28. Ba6 Nd6 29. Kf1 f6 30. Ke2 Kf7 31. Bd3 Bb7 32. a4 g6 33. a5 bxa5
34. bxa5 Bc8 35. Rc6 Nf5 36. Bc5 Bb7 37. Bxe7 Bxc6 38. Bc5 Ne7 39. Bxa7 f5 40.
f3 Ba8 41. Bb5 Ng8 42. Kd3 Nf6 43. Kd4 Ke6 44. Bb6 Nd7 45. Bxd7+ Kxd7 46. Ke5
Ke7 47. Bc5+ Kf7 48. Kd6 Kf6 49. Kc7 g5 50. Kb8 Bc6 51. a6 g4 52. fxg4 fxg4 53.
a7 Kf5 54. a8=Q Bxa8 55. Kxa8 Ke4 56. Kb7 Kd3 57. Kc6 Ke4 58. Kd6 h5 59. Ke6 h4
60. Kf6 h3 61. gxh3 gxh3 1-0

[Event "ENCI Limburg-open C"]
[Site "Maastricht"]
[Date "2012.05.26"]
[Round "3"]
[White "De Coninck, Erik"]
[Black "Conte, Roberto"]
[Result "1-0"]
[WhiteElo "1389"]
[BlackElo "1368"]
[PlyCount "97"]
[EventDate "2012.05.25"]
[EventType "swiss"]
[EventRounds "7"]
[EventCountry "NED"]
[Source "P.Boonen"]
[SourceDate "2013.01.01"]

1. c4 f5 2. g3 Nf6 3. Bg2 e6 4. Nc3 c6 5. Nf3 d5 6. b3 Bd6 7. O-O Nbd7 8. d3
Ne5 9. Qc2 Nxf3+ 10. Bxf3 O-O 11. e4 fxe4 12. dxe4 d4 13. Na4 e5 14. Bg2 Qe8
15. c5 Bc7 16. f4 Bg4 17. h3 Bh5 18. g4 Bxg4 19. hxg4 Nxg4 20. Bh3 Qg6 21. Bxg4
Qxg4+ 22. Qg2 Qxg2+ 23. Kxg2 exf4 24. Bb2 Rad8 25. Rad1 d3 26. Nc3 g5 27. Rf3
d2 28. Rf2 g4 29. Rfxd2 f3+ 30. Kf1 Rxd2 31. Rxd2 g3 32. Nd1 h5 33. Nf2 gxf2
34. Rxf2 Bg3 35. Rd2 h4 36. Rd6 Bxd6 37. cxd6 h3 38. Be5 Re8 39. Kf2 Rxe5 40.
d7 h2 41. d8=Q+ Kf7 42. Qd7+ Re7 43. Qf5+ Ke8 44. Qh5+ Kd8 45. Qxh2 Rf7 46. e5
Ke7 47. Qh6 Rf5 48. Qd6+ Kf7 49. e6+ 1-0

[Event "ENCI Limburg-open C"]
[Site "Maastricht"]
[Date "2012.05.26"]
[Round "3"]
[White "De Lange, Gerard"]
[Black "Nissel, Andreas"]
[Result "0-1"]
[WhiteElo "1630"]
[BlackElo "1698"]
[PlyCount "54"]
[EventDate "2012.05.25"]
[EventType "swiss"]
[EventRounds "7"]
[EventCountry "NED"]
[Source "P.Boonen"]
[SourceDate "2013.01.01"]

1. c4 e5 2. Nc3 g6 3. e3 Bg7 4. Nf3 Nc6 5. d4 d6 6. d5 Nce7 7. Rb1 f5 8. Be2
Nf6 9. O-O O-O 10. Qd2 Bh6 11. Qc2 g5 12. e4 f4 13. h4 gxh4 14. Nxh4 Ng6 15.
Nf5 Bg5 16. g3 Nxe4 17. Nxe4 Bxf5 18. g4 Bxe4 19. Qxe4 f3 20. Bxf3 Bxc1 21.
Rbxc1 Rf4 22. Qe3 Qf6 23. Be2 Rf8 24. Qxa7 b6 25. f3 Qh4 26. Rf2 Rxg4+ 27. Rg2
Rxg2+ 0-1

[Event "ENCI Limburg-open C"]
[Site "Maastricht"]
[Date "2012.05.26"]
[Round "3"]
[White "De Ridder, Gertie"]
[Black "Wilde, Christian"]
[Result "1-0"]
[WhiteElo "1121"]
[BlackElo "1185"]
[PlyCount "131"]
[EventDate "2012.05.25"]
[EventType "swiss"]
[EventRounds "7"]
[EventCountry "NED"]
[Source "P.Boonen"]
[SourceDate "2013.01.01"]

1. e4 c5 2. Nf3 Nc6 3. d4 cxd4 4. Nxd4 e6 5. Nc3 a6 6. Be3 Qb6 7. Na4 Qb4+ 8.
Nc3 Qxb2 9. Na4 Qb4+ 10. c3 Qa5 11. Be2 b5 12. Nxc6 dxc6 13. Nb6 Qxc3+ 14. Bd2
Qd4 15. Nxa8 Qa7 16. O-O Qxa8 17. Rc1 Nf6 18. Bf3 e5 19. Bc3 Qb8 20. Bb2 Bb7
21. Re1 Be7 22. Re3 O-O 23. Rd3 c5 24. Rdc3 c4 25. Ba1 Bxe4 26. Bxe4 Nxe4 27.
Re3 f5 28. Qd5+ Kh8 29. Bxe5 Bd6 30. Bxd6 Nxd6 31. Re6 Ne8 32. Qd4 a5 33. Rd1
Nf6 34. Rb6 Qe8 35. Kf1 h6 36. Re1 Qh5 37. f3 Qxh2 38. Rxb5 Qh1+ 39. Qg1 Qh4
40. Rbe5 Ne4 41. fxe4 fxe4+ 42. Ke2 Qg4+ 43. Kd2 Qf4+ 44. Qe3 Rd8+ 45. Kc2 Qxe5
46. Qxe4 Qg3 47. Re3 Qf2+ 48. Re2 Qc5 49. Qg6 Qa3 50. Re8+ Rxe8 51. Qxe8+ Qf8
52. Qxf8+ Kh7 53. Qc5 Kg6 54. Qxa5 h5 55. Qc5 c3 56. Kxc3 h4 57. a4 Kh6 58.
Qe3+ g5 59. a5 Kg6 60. a6 Kf5 61. a7 Kg6 62. a8=Q Kh6 63. Qef3 Kg6 64. Qg8+ Kh6
65. Qf6+ Kh5 66. Qfxg5# 1-0

[Event "ENCI Limburg-open C"]
[Site "Maastricht"]
[Date "2012.05.26"]
[Round "3"]
[White "De Ridder, Yulian"]
[Black "Slangen Knuit, Dien"]
[Result "0-1"]
[WhiteElo "1137"]
[BlackElo "1117"]
[PlyCount "62"]
[EventDate "2012.05.25"]
[EventType "swiss"]
[EventRounds "7"]
[EventCountry "NED"]
[Source "P.Boonen"]
[SourceDate "2013.01.01"]

1. e4 e5 2. Nf3 d6 3. d4 exd4 4. Nxd4 Nf6 5. Nc3 Be7 6. Bf4 O-O 7. Bc4 c5 8.
Nf3 Qb6 9. b3 Rd8 10. Bd5 Nxd5 11. Nxd5 Qa5+ 12. Bd2 Qb5 13. Nxe7+ Kf8 14. Nxc8
Re8 15. Nxd6 Qd7 16. Nxe8 Qxe8 17. Ng5 h6 18. b4 hxg5 19. bxc5 Qxe4+ 20. Be3
Nc6 21. Qd6+ Kg8 22. O-O Rd8 23. Qc7 Re8 24. Bxg5 Nd4 25. Qf4 Ne2+ 26. Kh1 Nxf4
27. Bxf4 Qxf4 28. Rab1 Qc4 29. Rfc1 Qc3 30. g3 Qxc5 31. Rxb7 Qc6+ 0-1

[Event "ENCI Limburg-open C"]
[Site "Maastricht"]
[Date "2012.05.26"]
[Round "3"]
[White "De Vries, Paul1"]
[Black "Janssen, Fynn"]
[Result "1/2-1/2"]
[WhiteElo "1476"]
[BlackElo "935"]
[PlyCount "36"]
[EventDate "2012.05.25"]
[EventType "swiss"]
[EventRounds "7"]
[EventCountry "NED"]
[Source "P.Boonen"]
[SourceDate "2013.01.01"]

1. e4 e5 2. d4 exd4 3. Qxd4 Nc6 4. Qe3 g6 5. Nc3 Bg7 6. Nf3 d6 7. a3 Qe7 8. Nd5
Qd8 9. Bc4 Be6 10. O-O Nf6 11. Bd2 O-O 12. Bc3 Ng4 13. Qd3 Bxc3 14. Qxc3 Bxd5
15. Bxd5 Qe8 16. Rfe1 Nge5 17. Rad1 Qe7 18. Qe3 Qf6 1/2-1/2

[Event "ENCI Limburg-open C"]
[Site "Maastricht"]
[Date "2012.05.26"]
[Round "3"]
[White "Dedoncker, Pieter"]
[Black "De Lange, Marieke"]
[Result "1-0"]
[WhiteElo "1106"]
[BlackElo "1223"]
[PlyCount "75"]
[EventDate "2012.05.25"]
[EventType "swiss"]
[EventRounds "7"]
[EventCountry "NED"]
[Source "P.Boonen"]
[SourceDate "2013.01.01"]

1. e4 e5 2. Nf3 Nc6 3. d4 d5 4. dxe5 Bg4 5. Nc3 Bb4 6. exd5 Nxe5 7. Be2 Qe7 8.
O-O Nf6 9. Nxe5 Bxe2 10. Qxe2 Bxc3 11. bxc3 Nxd5 12. Re1 O-O 13. Qg4 Rfe8 14.
Bf4 Qd6 15. Nf3 Nxf4 16. Red1 Ne2+ 17. Kf1 Qa6 18. c4 b5 19. Nd4 Nxd4 20. Qxd4
Rad8 21. Qxd8 Qc6 22. cxb5 Qxb5+ 23. Kg1 g6 24. c4 Qa4 25. Qd7 Re1+ 26. Rxe1
Qxd7 27. c5 h5 28. Rac1 Kh7 29. c6 Qd2 30. Red1 Qg5 31. Rc2 Qf5 32. Rcd2 Qc5
33. Rd7 Qxc6 34. Rxf7+ Kh6 35. h3 a5 36. Rdd7 Qc1+ 37. Kh2 c5 38. h4 1-0

[Event "ENCI Limburg-open C"]
[Site "Maastricht"]
[Date "2012.05.26"]
[Round "3"]
[White "Dijkhuis, Oele"]
[Black "Lambrechts, Anne"]
[Result "1/2-1/2"]
[WhiteElo "988"]
[BlackElo "1410"]
[PlyCount "69"]
[EventDate "2012.05.25"]
[EventType "swiss"]
[EventRounds "7"]
[EventCountry "NED"]
[Source "P.Boonen"]
[SourceDate "2013.01.01"]

1. e4 e5 2. Nf3 Nc6 3. Bc4 Nf6 4. Ng5 d5 5. exd5 Nxd5 6. Nxf7 Kxf7 7. Qf3+ Ke8
8. Bxd5 Qd7 9. O-O Nd4 10. Qe4 c6 11. Qxe5+ Ne6 12. Bxe6 Qxe6 13. Qxe6+ Bxe6
14. Re1 Kd7 15. Nc3 Bc5 16. Ne4 Bb6 17. b4 Rhf8 18. Nc5+ Bxc5 19. bxc5 Rf5 20.
d4 Raf8 21. f3 g5 22. Re5 Rxe5 23. dxe5 h6 24. Bb2 h5 25. Rd1+ Ke7 26. a3 g4
27. fxg4 Bxg4 28. Rf1 Rg8 29. g3 h4 30. Kg2 hxg3 31. hxg3 Be6 32. Rf6 Rg4 33.
Rf4 Rg8 34. Rf6 Rg4 35. Rf4 1/2-1/2

[Event "ENCI Limburg-open C"]
[Site "Maastricht"]
[Date "2012.05.26"]
[Round "3"]
[White "Dols, Jos"]
[Black "De Ruyter, Wim"]
[Result "0-1"]
[WhiteElo "1571"]
[BlackElo "1681"]
[PlyCount "55"]
[EventDate "2012.05.25"]
[EventType "swiss"]
[EventRounds "7"]
[EventCountry "NED"]
[Source "P.Boonen"]
[SourceDate "2013.01.01"]

1. d4 d5 2. c4 Nf6 3. e3 e6 4. a3 Be7 5. Nf3 O-O 6. Bd3 Nbd7 7. Nc3 c5 8. dxc5
Nxc5 9. Be2 a5 10. O-O a4 11. Nd2 Bd7 12. b4 axb3 13. Nxb3 Nce4 14. Nxe4 Nxe4
15. Bb2 Ba4 16. Qd3 Bxb3 17. Bxg7 Kxg7 18. Qxb3 Bf6 19. Rad1 Qe7 20. cxd5 Nc3
21. Rd2 Rfd8 22. Bf3 Rxa3 23. Qc4 Ra4 24. Qb3 Qb4 25. Qxb4 Rxb4 26. e4 Nxe4 27.
Bxe4 Rxe4 28. d6 0-1

[Event "ENCI Limburg-open C"]
[Site "Maastricht"]
[Date "2012.05.26"]
[Round "3"]
[White "Elisen, Peter"]
[Black "Dethier, Krista"]
[Result "1-0"]
[WhiteElo "1431"]
[BlackElo "1228"]
[PlyCount "81"]
[EventDate "2012.05.25"]
[EventType "swiss"]
[EventRounds "7"]
[EventCountry "NED"]
[Source "P.Boonen"]
[SourceDate "2013.01.01"]

1. e4 c6 2. d4 d5 3. e5 Bf5 4. g4 Bg6 5. Nf3 h6 6. Bg2 e6 7. Bf4 Qa5+ 8. Nbd2
c5 9. O-O c4 10. Nh4 Bh7 11. Nxc4 Qb4 12. Nd6+ Ke7 13. Qf3 Be4 14. Bg5+ f6 15.
Bxf6+ gxf6 16. Qf4 Qxd4 17. Bxe4 Kd7 18. Ng6 Rh7 19. Nxf8+ Ke7 20. Nxh7 Qxe5
21. Qxe5 fxe5 22. Nxb7 dxe4 23. Rad1 Nc6 24. Nc5 Nd4 25. Nxe4 Kf7 26. g5 h5 27.
f4 Ne2+ 28. Kh1 Nxf4 29. Rd7+ Kg6 30. Nhf6 Kf5 31. Nxg8 Rxg8 32. Nd6+ Kg4 33.
Ne4 Kf5 34. Nd6+ Kg4 35. Rg1+ Kf3 36. Rg3+ Ke2 37. Ne4 Nd5 38. c4 Rf8 39. cxd5
Rf1+ 40. Kg2 exd5 41. Rxd5 1-0

[Event "ENCI Limburg-open C"]
[Site "Maastricht"]
[Date "2012.05.26"]
[Round "3"]
[White "Havenith, Julia"]
[Black "Schoffelen, Jan"]
[Result "1-0"]
[WhiteElo "1377"]
[BlackElo "1359"]
[PlyCount "79"]
[EventDate "2012.05.25"]
[EventType "swiss"]
[EventRounds "7"]
[EventCountry "NED"]
[Source "P.Boonen"]
[SourceDate "2013.01.01"]

1. e4 e5 2. Nf3 Nf6 3. Nxe5 d6 4. Nf3 Nxe4 5. d4 d5 6. Bd3 Bd6 7. O-O O-O 8.
Re1 Bf5 9. Nbd2 Nxd2 10. Bxf5 Nxf3+ 11. Qxf3 Nc6 12. c3 Ne7 13. Bc2 c5 14. Qd3
g6 15. Qf3 c4 16. Bh6 Bxh2+ 17. Kh1 Qd6 18. Bxf8 Rxf8 19. g3 Bxg3 20. Qxg3 Qd7
21. Re2 f5 22. Qe5 Rf7 23. Rae1 f4 24. Qe6 Qd8 25. b3 Kg7 26. Qe5+ Kg8 27. bxc4
Qc8 28. Qe6 Qxc4 29. Qh3 Qc7 30. Qf3 Kg7 31. Bb3 Qd7 32. Re5 Qd8 33. Bxd5 Nxd5
34. Rxd5 Qh4+ 35. Kg2 h5 36. Rh1 Qe7 37. Re5 Qd8 38. Rh2 Kh6 39. Kg1 Qd7 40.
Qh3 {.....} 1-0

[Event "ENCI Limburg-open C"]
[Site "Maastricht"]
[Date "2012.05.26"]
[Round "3"]
[White "Havenith, Michael"]
[Black "Keetman, Stef"]
[Result "0-1"]
[WhiteElo "1691"]
[BlackElo "1549"]
[PlyCount "74"]
[EventDate "2012.05.25"]
[EventType "swiss"]
[EventRounds "7"]
[EventCountry "NED"]
[Source "P.Boonen"]
[SourceDate "2013.01.01"]

1. c4 Nf6 2. Nc3 c5 3. g3 g6 4. Bg2 Bg7 5. Nf3 Nc6 6. O-O O-O 7. Rb1 d5 8. cxd5
Nxd5 9. Nxd5 Qxd5 10. b3 b6 11. Bb2 Bxb2 12. Rxb2 Bb7 13. d3 Rad8 14. Qc1 f6
15. Nh4 Qd7 16. Qh6 e5 17. Qc1 Nd4 18. Qc4+ Kg7 19. Bxb7 Qxb7 20. Ng2 h5 21. f4
Rfe8 22. e4 Rd6 23. Ne3 Qd7 24. Kg2 h4 25. Nd5 hxg3 26. hxg3 Rh8 27. Kg1 Qh3
28. Rg2 Qh1+ 29. Kf2 Qh5 30. Ke3 Qg4 31. Kd2 Rh3 32. Ne3 Qh5 33. fxe5 Qxe5 34.
Rf4 Rxg3 35. Rgf2 b5 36. Qc1 Ra6 37. Qb1 b4 {.....} 0-1

[Event "ENCI Limburg-open C"]
[Site "Maastricht"]
[Date "2012.05.26"]
[Round "3"]
[White "Helsen, Roger"]
[Black "Reyskens, Jules"]
[Result "0-1"]
[WhiteElo "1556"]
[BlackElo "1737"]
[PlyCount "88"]
[EventDate "2012.05.25"]
[EventType "swiss"]
[EventRounds "7"]
[EventCountry "NED"]
[Source "P.Boonen"]
[SourceDate "2013.01.01"]

1. d4 Nf6 2. Nf3 d5 3. Bf4 Bf5 4. e3 e6 5. Be2 h6 6. h3 Nbd7 7. O-O Be7 8. c4
c6 9. Nc3 O-O 10. a3 Ne4 11. Rc1 Rc8 12. cxd5 Nxc3 13. Rxc3 exd5 14. Bd3 Be4
15. Ne5 Nxe5 16. Bxe5 f6 17. Bh2 Qd7 18. f3 Bf5 19. e4 dxe4 20. fxe4 Qxd4+ 21.
Kh1 Be6 22. Qc2 Qd7 23. Rd1 Rcd8 24. Be2 Qc8 25. Rcd3 Rxd3 26. Rxd3 Rd8 27. Qd2
Rxd3 28. Qxd3 Qd7 29. Qxd7 Bxd7 30. g4 Be6 31. Kg2 Kf7 32. Kf3 Bb3 33. Bf4 Bc5
34. Be3 Bxe3 35. Kxe3 Ke7 36. Kd4 Kd6 37. Kc3 Ba2 38. b4 Ke5 39. Bc4 Bxc4 40.
Kxc4 Kxe4 41. Kc5 Ke5 42. a4 g6 43. a5 f5 44. a6 bxa6 0-1

[Event "ENCI Limburg-open C"]
[Site "Maastricht"]
[Date "2012.05.26"]
[Round "3"]
[White "Heman, Frans"]
[Black "Warmerdam, Max"]
[Result "1/2-1/2"]
[WhiteElo "1550"]
[BlackElo "1648"]
[PlyCount "81"]
[EventDate "2012.05.25"]
[EventType "swiss"]
[EventRounds "7"]
[EventCountry "NED"]
[Source "P.Boonen"]
[SourceDate "2013.01.01"]

1. f4 d5 2. Nf3 e6 3. b3 Nf6 4. Bb2 Nbd7 5. e3 Be7 6. Bd3 b6 7. Bb5 Bb7 8.
Bxd7+ Qxd7 9. Ne5 Qd8 10. O-O O-O 11. d3 c5 12. Nd2 Nd7 13. Ndf3 Nxe5 14. Nxe5
f6 15. Ng4 Rc8 16. Rf3 c4 17. d4 Qc7 18. c3 b5 19. b4 a5 20. a3 Ra8 21. Rf1
axb4 22. axb4 Rxa1 23. Bxa1 Ra8 24. Qd2 Bc8 25. h3 Ra4 26. Bb2 Qa7 27. Rb1 Bd7
28. Qc1 Bd6 29. Ra1 h5 30. Nh2 e5 31. fxe5 fxe5 32. Qd1 Rxa1 33. Qxa1 Qxa1+ 34.
Bxa1 e4 35. Bb2 Bg3 36. Bc1 Be1 37. Bb2 Kf7 38. Nf1 Kf6 39. Kh2 h4 40. g3 g5
41. g4 1/2-1/2

[Event "ENCI Limburg-open C"]
[Site "Maastricht"]
[Date "2012.05.26"]
[Round "3"]
[White "Hoferichter, Michael"]
[Black "Beukema, Constantijn"]
[Result "1-0"]
[WhiteElo "1188"]
[BlackElo "800"]
[PlyCount "47"]
[EventDate "2012.05.25"]
[EventType "swiss"]
[EventRounds "7"]
[EventCountry "NED"]
[Source "P.Boonen"]
[SourceDate "2013.01.01"]

1. d4 d5 2. c4 Nf6 3. Nc3 Be6 4. Bg5 g6 5. Nf3 Bg7 6. e3 O-O 7. Bd3 Nc6 8. h3
h6 9. Bf4 Bf5 10. Bxf5 gxf5 11. Nh4 e6 12. g4 fxg4 13. hxg4 Ne4 14. a3 Nxc3 15.
bxc3 dxc4 16. Qc2 Re8 17. O-O-O Bf6 18. Ng2 Qd5 19. Bxc7 Qxg2 20. Rxh6 Kg7 21.
Qh7+ Kf8 22. Bd6+ Ne7 23. Rxf6 Qxg4 24. Qxf7# 1-0

[Event "ENCI Limburg-open C"]
[Site "Maastricht"]
[Date "2012.05.26"]
[Round "3"]
[White "Hong, Jeffrey"]
[Black "Uiterwijk, Jos"]
[Result "1/2-1/2"]
[WhiteElo "1119"]
[BlackElo "1577"]
[PlyCount "63"]
[EventDate "2012.05.25"]
[EventType "swiss"]
[EventRounds "7"]
[EventCountry "NED"]
[Source "P.Boonen"]
[SourceDate "2013.01.01"]

1. e4 c5 2. Nf3 a6 3. g3 Nc6 4. Bg2 b5 5. d4 cxd4 6. Nxd4 Bb7 7. Nxc6 Bxc6 8.
O-O g6 9. Qd4 f6 10. b3 e5 11. Qd1 b4 12. a3 a5 13. a4 Rc8 14. Nd2 Bb7 15. Nc4
Ba6 16. Re1 Bxc4 17. bxc4 Bc5 18. Bh3 Bd4 19. Rb1 Rxc4 20. Rb3 Ne7 21. Rd3 Qc7
22. Re2 O-O 23. Be3 Nc6 24. Qb1 Kg7 25. Qb3 Rc3 26. Rxc3 Bxc3 27. Qd5 d6 28.
Qb5 Nd4 29. Bxd4 Bxd4 30. Be6 Rb8 31. Qc4 Qxc4 32. Bxc4 1/2-1/2

[Event "ENCI Limburg-open C"]
[Site "Maastricht"]
[Date "2012.05.26"]
[Round "3"]
[White "Keetman, Sandra"]
[Black "Kumpen, Jona"]
[Result "1-0"]
[WhiteElo "1372"]
[BlackElo "1490"]
[PlyCount "63"]
[EventDate "2012.05.25"]
[EventType "swiss"]
[EventRounds "7"]
[EventCountry "NED"]
[Source "P.Boonen"]
[SourceDate "2013.01.01"]

1. e4 Nc6 2. Nf3 d6 3. d4 e6 4. Nc3 Be7 5. Bb5 Bd7 6. O-O Nf6 7. Bf4 a6 8. Bxc6
Bxc6 9. d5 exd5 10. exd5 Bd7 11. Re1 O-O 12. Qe2 Re8 13. Rad1 Nh5 14. Qd2 Bg4
15. Qe3 Bf6 16. Ne4 Bxb2 17. h3 Bxf3 18. Qxf3 Nf6 19. Bg5 h6 20. Nxf6+ Bxf6 21.
Rxe8+ Qxe8 22. Bxf6 gxf6 23. Qxf6 Qf8 24. Rd4 Kh7 25. Rh4 Qg7 26. Qe7 f6 27.
Qe6 Qf8 28. Qf5+ Kg7 29. Rg4+ Kh8 30. Qg6 Re8 31. Rh4 Qg7 32. Qxe8+ 1-0

[Event "ENCI Limburg-open C"]
[Site "Maastricht"]
[Date "2012.05.26"]
[Round "3"]
[White "Kroon, Joppe"]
[Black "Valembois, Pierre"]
[Result "0-1"]
[WhiteElo "1053"]
[BlackElo "1316"]
[PlyCount "112"]
[EventDate "2012.05.25"]
[EventType "swiss"]
[EventRounds "7"]
[EventCountry "NED"]
[Source "P.Boonen"]
[SourceDate "2013.01.01"]

1. e4 d5 2. d4 dxe4 3. Nc3 Nc6 4. Nxe4 Bf5 5. Ng3 Nxd4 6. Nxf5 Nxf5 7. Qxd8+
Rxd8 8. Bd2 Nd4 9. O-O-O e5 10. Ne2 Bc5 11. Nxd4 Bxd4 12. Be3 Ne7 13. Bxd4 exd4
14. Bc4 O-O 15. Rhe1 Nc6 16. Bb5 Nb4 17. Kb1 c6 18. Bc4 b5 19. Bd3 a6 20. a3
Nd5 21. Be4 c5 22. Bxd5 Rxd5 23. c3 d3 24. Re3 c4 25. Kc1 Rfd8 26. Kd2 Kf8 27.
Rde1 Rg5 28. g3 Rh5 29. h4 h6 30. b3 g5 31. Rh1 g4 32. f3 gxf3 33. Rxf3 Re5 34.
Re1 Re2+ 35. Rxe2 dxe2+ 36. Kxe2 cxb3 37. Rf1 a5 38. Rf5 Rb8 39. Kd2 a4 40. Kc1
Rc8 41. Kb2 Rd8 42. Rxb5 Rd2+ 43. Kb1 Ra2 44. c4 Rxa3 45. c5 Ra2 46. c6 Rc2 47.
Rb8+ Kg7 48. Ra8 Rxc6 49. Rxa4 Rc3 50. Rb4 Rxg3 51. Kb2 Rh3 52. Rg4+ Kh7 53.
Rf4 Kg6 54. Ka3 Kh5 55. Rxf7 Kxh4 56. Rb7 Rg3 0-1

[Event "ENCI Limburg-open C"]
[Site "Maastricht"]
[Date "2012.05.26"]
[Round "3"]
[White "Krug, Franz Dieter"]
[Black "Oxener, Aldo"]
[Result "1-0"]
[WhiteElo "1540"]
[BlackElo "1513"]
[PlyCount "75"]
[EventDate "2012.05.25"]
[EventType "swiss"]
[EventRounds "7"]
[EventCountry "NED"]
[Source "P.Boonen"]
[SourceDate "2013.01.01"]

1. d4 e6 2. c4 d5 3. e3 Nf6 4. cxd5 exd5 5. h3 Bf5 6. Nc3 Bb4 7. Bd2 O-O 8. a3
Ba5 9. Nf3 c6 10. Be2 Qd6 11. O-O Nbd7 12. g4 Bg6 13. Kg2 Bc7 14. Rh1 Rfe8 15.
Na4 Ne4 16. Be1 b6 17. Nh4 c5 18. Nxg6 Qxg6 19. dxc5 bxc5 20. Qxd5 Rad8 21. Qb7
Bb6 22. Rd1 Nef6 23. Bd3 Qg5 24. Bf5 Rb8 25. Qc6 Ne5 26. Qb5 Nexg4 27. hxg4
Nxg4 28. Bxh7+ Kf8 29. Kf1 Bc7 30. Qxc5+ Qxc5 31. Nxc5 Rxb2 32. Bf5 Nh2+ 33.
Kg2 Rxe3 34. Rd2 Rxd2 35. Bxd2 Rf3 36. Be4 Rxa3 37. Bb4 Ra2 38. Na6+ 1-0

[Event "ENCI Limburg-open C"]
[Site "Maastricht"]
[Date "2012.05.26"]
[Round "3"]
[White "Lemmens, Paul"]
[Black "Calje, Adrey"]
[Result "1-0"]
[WhiteElo "1333"]
[BlackElo "1032"]
[PlyCount "73"]
[EventDate "2012.05.25"]
[EventType "swiss"]
[EventRounds "7"]
[EventCountry "NED"]
[Source "P.Boonen"]
[SourceDate "2013.01.01"]

1. e4 e5 2. Bc4 Nc6 3. d3 Nf6 4. Bg5 Be7 5. c3 d6 6. Qc2 O-O 7. Nf3 a6 8. d4
exd4 9. cxd4 Re8 10. O-O Bg4 11. Nbd2 d5 12. exd5 Nxd5 13. Rfe1 Bxg5 14. Rxe8+
Qxe8 15. Nxg5 Qd8 16. Qxh7+ Kf8 17. Qh8+ Ke7 18. Re1+ Kf6 19. Nde4+ Ke7 20.
Nc3+ Be6 21. Nxd5+ Kd6 22. Ne4+ Kd7 23. Nc5+ Kc8 24. Qxd8+ Kxd8 25. Nxe6+ fxe6
26. Rxe6 Kd7 27. f4 Rf8 28. Rg6 Nxd4 29. Rxg7+ Ke6 30. Rxc7 Kd6 31. g3 Rf5 32.
Rxb7 Nf3+ 33. Kg2 Nd2 34. Ne3 Ra5 35. Ra7 Rh5 36. Rxa6+ Ke7 37. Nd5+ 1-0

[Event "ENCI Limburg-open C"]
[Site "Maastricht"]
[Date "2012.05.26"]
[Round "3"]
[White "Liu, Julian"]
[Black "Mollema, Henk"]
[Result "0-1"]
[WhiteElo "1414"]
[BlackElo "1493"]
[PlyCount "38"]
[EventDate "2012.05.25"]
[EventType "swiss"]
[EventRounds "7"]
[EventCountry "NED"]
[Source "P.Boonen"]
[SourceDate "2013.01.01"]

1. e4 e5 2. f4 d5 3. exd5 Qxd5 4. Nc3 Qe6 5. Bb5+ Bd7 6. Qf3 Nc6 7. Nge2 Bc5 8.
Qg3 O-O-O 9. Bxc6 Bxc6 10. fxe5 Ne7 11. Qxg7 Rdg8 12. Qf6 Bxg2 13. Nf4 Qxf6 14.
exf6 Bxh1 15. fxe7 Rg1+ 16. Ke2 Re8 17. b3 Rxe7+ 18. Kd3 Rg4 19. Nfe2 Rd7+ 0-1

[Event "ENCI Limburg-open C"]
[Site "Maastricht"]
[Date "2012.05.26"]
[Round "3"]
[White "Mohr, Markus"]
[Black "Kalkman de Koster, Franzke"]
[Result "1-0"]
[WhiteElo "1655"]
[BlackElo "1623"]
[PlyCount "125"]
[EventDate "2012.05.25"]
[EventType "swiss"]
[EventRounds "7"]
[EventCountry "NED"]
[Source "P.Boonen"]
[SourceDate "2013.01.01"]

1. e4 c5 2. Nf3 Nc6 3. d3 d6 4. c3 e5 5. g3 Nf6 6. Bg2 Bg4 7. h3 Be6 8. Ng5 Bd7
9. Qb3 Qe7 10. Qxb7 Rb8 11. Qa6 h6 12. Nf3 Rb6 13. Qa4 Qd8 14. Qc2 Be7 15. O-O
Qc8 16. Kh2 Nh7 17. Nbd2 Be6 18. b3 O-O 19. Ng1 Bf6 20. Re1 h5 21. Nf1 g5 22.
Ne3 Ne7 23. Qe2 g4 24. h4 Ng6 25. Bb2 Qd8 26. Nf5 Nxh4 27. gxh4 Bxf5 28. exf5
Bxh4 29. Bc1 Bg5 30. Bxg5 Qxg5 31. Be4 Qh4+ 32. Kg2 f6 33. Qe3 Ng5 34. Qg3
Qxg3+ 35. fxg3 Kg7 36. Ne2 Rh8 37. Rh1 Rh6 38. Rad1 Rb8 39. Rh2 Rbh8 40. Rh4
Nh3 41. Rc1 Rb8 42. Ng1 Nxg1 43. Rxg1 a5 44. Rgh1 Rbh8 45. Kf2 Kf7 46. Ke3 Ke7
47. Kd2 Kd7 48. Kc2 Kc7 49. Kb2 Kb6 50. Bg2 Kb5 51. Bf1 Kc6 52. Be2 a4 53. Bxg4
axb3 54. axb3 d5 55. Rxh5 Rxh5 56. Rxh5 Rxh5 57. Bxh5 e4 58. dxe4 dxe4 59. Kc2
Kd5 60. Kd2 Ke5 61. g4 Kf4 62. Ke2 Ke5 63. Ke3 1-0

[Event "ENCI Limburg-open C"]
[Site "Maastricht"]
[Date "2012.05.26"]
[Round "3"]
[White "Orbons, Richard"]
[Black "Chappin, Rene"]
[Result "1-0"]
[WhiteElo "1668"]
[BlackElo "1592"]
[PlyCount "97"]
[EventDate "2012.05.25"]
[EventType "swiss"]
[EventRounds "7"]
[EventCountry "NED"]
[Source "P.Boonen"]
[SourceDate "2013.01.01"]

1. Nf3 Nf6 2. c4 c5 3. g3 Nc6 4. Bg2 e6 5. O-O Be7 6. b3 d5 7. Bb2 O-O 8. d3 d4
9. Nbd2 Qc7 10. a3 a5 11. Ne1 e5 12. Nc2 Bg4 13. Re1 Qd7 14. Nf1 Rfe8 15. Qd2
h6 16. e3 Bh3 17. Bxh3 Qxh3 18. exd4 Nxd4 19. Nxd4 exd4 20. Re2 Bd6 21. Rae1
Kf8 22. Rxe8+ Nxe8 23. Qe2 Qd7 24. Nd2 Nf6 25. Ne4 Nxe4 26. Qxe4 Re8 27. Qxe8+
Qxe8 28. Rxe8+ Kxe8 29. a4 f5 30. Kg2 h5 31. Bc1 Kf7 32. Bg5 Bc7 33. Kf3 Ke6
34. h3 g6 35. g4 hxg4+ 36. hxg4 Bb6 37. Bf4 Bd8 38. gxf5+ gxf5 39. Bb8 Bb6 40.
Kf4 Bd8 41. f3 Bb6 42. Kg5 Bd8+ 43. Kg6 Bb6 44. f4 Bd8 45. Ba7 b6 46. Bb8 Be7
47. Bc7 Bd6 48. Bxd6 Kxd6 49. Kxf5 1-0

[Event "ENCI Limburg-open C"]
[Site "Maastricht"]
[Date "2012.05.26"]
[Round "3"]
[White "Ousmane, Tijany"]
[Black "Lammes, Pim"]
[Result "0-1"]
[WhiteElo "1519"]
[BlackElo "1613"]
[PlyCount "54"]
[EventDate "2012.05.25"]
[EventType "swiss"]
[EventRounds "7"]
[EventCountry "NED"]
[Source "P.Boonen"]
[SourceDate "2013.01.01"]

1. e4 e5 2. Nf3 Nc6 3. Bb5 d6 4. d4 exd4 5. Nxd4 Bd7 6. O-O Nxd4 7. Bxd7+ Qxd7
8. Qxd4 Nf6 9. Re1 Be7 10. Bg5 O-O 11. e5 Ne8 12. Bxe7 Qxe7 13. Nc3 c6 14. Rad1
d5 15. Na4 Nc7 16. Re3 Ne6 17. Qd2 b5 18. f4 bxa4 19. f5 Nc5 20. f6 Qc7 21. Rg3
Qxe5 22. Rxg7+ Kh8 23. Qh6 Qe4 24. g4 Rg8 25. h3 Raf8 26. g5 Ne6 27. g6 Qxg6+
0-1